Geography Quiz

Random Geography or Asia Quiz
Score 0/36 Timer 06:00
0 Plays Today
Fact Answer % Correct
Capital CitySingapore
95.8%
Flag ColorRed
94.3%
Flag ColorWhite
93.5%
Second Largest Ethnic GroupMalay
87.9%
Official Language (national language)Malay
87.8%
Official Language (first language)English
86.8%
ContinentAsia
85.1%
Largest Ethnic GroupChinese
81.3%
Drives on the...left
80.1%
Occupied in World War II byJapan
78.2%
Maritime-Bordering CountryMalaysia
77.9%
CurrencySingapore Dollar (SGD)
74.4%
Bordering OceanPacific Ocean
74.3%
Nationality (Demonym)Singaporean
73.1%
Symbols on FlagMoon and Stars
71.7%
Age of Suffrage21
71%
Independence FromUnited Kingdom
69.3%
Largest ReligionBuddhism
68.5%
Fact Answer % Correct
Official NameRepublic of Singapore
67%
Official LanguageMandarin
66.4%
Internet Country code.sg
65.6%
Year of Independence1965
54.7%
Bordering SeaSouth China Sea
47.5%
Official LanguageTamil
47%
First Prime MinisterLee Kuan Yew
43.8%
Prime MinisterLee Hsien Loong
43.1%
Singapore's Malay name, Singapura, meansLion City
39.2%
Founder of SingaporeSir Stamford Raffles
37.5%
National Day9th August
31.7%
National AnthemMajulah Singapura
31.2%
PresidentHalimah Yacob
25.4%
Year of Founding1819
24.3%
Number of Islands63
21.5%
Highest Point (163 m)Bukit Timah Hill
19.3%
Longest RiverKallang River
15.6%
Lowest Point (0 m)Singapore Strait, Strait of Johor
7.6%
Remove Ads.
Support Sporcle.
Get the best of Sporcle when you Go Orange. This ad-free experience offers more features, more stats, and more fun while also helping to support Sporcle. Thank you for becoming a member.

You're not logged in!

Compare scores with friends on all Sporcle quizzes.
OR
Log In

Sporcle TV

Today on Sporcle TV


Watch our educational content, quiz creation guides, and fun videos on Sporcle TV.

Show Comments

Extras

Top Quizzes Today


Score Distribution

Paid Content

Your Account Isn't Verified!

In order to create a playlist on Sporcle, you need to verify the email address you used during registration. Go to your Sporcle Settings to finish the process.

Report this User

Report this user for behavior that violates our Community Guidelines.

Details: